000 00292nam a2200109Ia 4500
008 190907s9999||||xx |||||||||||||| ||und||
100 _aBarthelemy, j.p.
245 0 _aAlgorithmic Complexity :And Communication Problems
260 _aNew york
_bPrentice Hall
_c1996
300 _a256
942 _cBK
999 _c6288
_d6288